Pedro y Alejo ; Pedro el Grande / (Record no. 102505)

MARC details
000 -LEADER
campo de control de longitud fija 00740nam a2200229 i 4500
001 - NÚMERO DE CONTROL
campo de control 102505
003 - IDENTIFICADOR DE NÚMERO DE CONTROL
campo de control ES-MaACL
005 - FECHA Y HORA DE LA ÚLTIMA TRANSACCIÓN
campo de control 20250730221331.0
007 - CAMPO FIJO DE DESCRIPCIÓN FÍSICA--INFORMACIÓN GENERAL
campo de control de longitud fija t|
008 - DATOS DE LONGITUD FIJA--INFORMACIÓN GENERAL
campo de control de longitud fija 051111s1971 sp ||||1| spa d
080 ## - NÚMERO DE LA CLASIFICACIÓN DECIMAL UNIVERSAL
Número de la Clasificación Decimal Universal 821.161.1-31"19"
080 ## - NÚMERO DE LA CLASIFICACIÓN DECIMAL UNIVERSAL
Número de la Clasificación Decimal Universal 929 Pedro (470) I (0:82)
100 1# - ENTRADA PRINCIPAL--NOMBRE DE PERSONA
Nombre de persona Merezhkovsky, Dmitry Sergeyevich.
9 (RLIN) 80486
245 10 - MENCIÓN DEL TÍTULO
Título Pedro y Alejo ; Pedro el Grande /
Mención de responsabilidad, etc. Dimitri de Merejkowsky; traducción de José Francés.
260 ## - PUBLICACIÓN, DISTRIBUCIÓN, ETC.
Lugar de publicación, distribución, etc. Velencia :
Nombre del editor, distribuidor, etc. Prometeo,
Fecha de publicación, distribución, etc. 1971.
300 ## - DESCRIPCIÓN FÍSICA
Extensión 264 p. ;
Dimensiones 18 cm.
600 07 - PUNTO DE ACCESO ADICIONAL DE MATERIA--NOMBRE DE PERSONA
Nombre de persona Pedro
Numeración I,
Títulos y otros términos asociados al nombre Emperador de Rusia-
Subdivisión de forma Novelas
Fuente del encabezamiento o término
9 (RLIN) 154359
700 1# - ENTRADA AGREGADA--NOMBRE PERSONAL
Nombre de persona Francés, José,
Fechas asociadas al nombre 1883-1964
9 (RLIN) 52141
740 0# - ENTRADA AGREGADA--TÍTULO RELACIONADO/ANALÍTICO NO CONTROLADO
Título relacionado o analítico no controlado Pedro el Grande.
852 ## - LOCALIZACIÓN
Ubicación ES-MaACL
Número de control de estantería C-46029
Sublocalización o colección R.79646
Holdings
Estatus retirado Estado de pérdida Estado de daño No para préstamo Biblioteca de origen Biblioteca actual Ubicación en estantería Fecha de adquisición Fuente de adquisición Total de préstamos Signatura topográfica completa Código de barras Visto por última vez Precio de reemplazo Tipo de ítem Koha
        Biblioteca del Ateneo de Madrid Biblioteca del Ateneo de Madrid Depósito 2 17/01/2008     C-46029 1107001 23/02/2023 23/02/2023 Libro impreso